| 000 | 00880nam a2200253Ia 4500 | ||
|---|---|---|---|
| 005 | 20140903173637.0 | ||
| 008 | 130821s2004 sp a gr spa | ||
| 020 | _a8481747238 | ||
| 040 |
_aCo-BoUCM _bspa |
||
| 041 | 0 | 0 | _aspa |
| 060 | _aWY 161 | ||
| 100 | 1 | _aMantik Lewis, Sharon | |
| 245 | 1 | 0 |
_aEnfermería medicoquirúrgica valoración y cuidados de problemas clínicos _cSharon Mantik Lewis, Margaret Mclean Heitkemper, Shannon Ruff Dirksen |
| 250 | _a6a. Ed. | ||
| 260 |
_aBarcelona (España) _bMadrid _c2004 |
||
| 300 |
_a2 volúmenes _bilustraciones |
||
| 650 | 0 | 4 |
_aCirugía _xCuidado del paciente _97407 |
| 650 | 0 | 4 |
_aCuidados postoperatorios _912365 |
| 650 | 0 | 4 |
_aEnfermería quirúrgica _914510 |
| 650 | 0 | 4 |
_aEnfermería _914489 |
| 700 | 1 |
_aMclean Heitkemper _eed. |
|
| 700 | 1 |
_aRuff Dirksen, Shannon _eed. |
|
| 942 |
_cLIBRO _a15 _e6 _mM292e _2NLM _hWY 161 |
||
| 999 |
_c53074 _d53074 |
||